Normal view
MARC view
- النعيمي ، سحر رشيد
Entry Personal Name
001 - CONTROL NUMBER
- control field: 25512
003 - CONTROL NUMBER IDENTIFIER
- control field: JO-AjAnu
005 - DATE AND TIME OF LATEST TRANSACTION
- control field: 20230606074346.0
008 - FIXED-LENGTH DATA ELEMENTS
- fixed length control field: 230606|| aca||aabn | a|a d
040 ## - CATALOGING SOURCE
- Original cataloging agency: JO-AjAnu
- Transcribing agency: JO-AjAnu
100 ## - HEADING--PERSONAL NAME
- Personal name: النعيمي ، سحر رشيد
670 ## - SOURCE DATA FOUND
- Source citation: Work cat.: (JO-AjAnu)13119: النعيمي ، سحر رشيد, author, تحديد المسؤولية بتكوين شركة أو الإشتراك فيها " دراسة تحليلية مقارنة "